000 00648nam a2200217 a 4500
999 _c3510
_d3510
001 3510
003 BD-JhCC
005 20200223134007.0
008 171113s1974 bg |||| |||| 000 0 ben d
035 _a(BD-JhCC)3510
040 _aBD-JhCC
_dBD-JhCC
041 _aben
082 _a891.4415
_bHAQ 1974
100 _aহক, সৈয়দ শামসুল
245 _aপ্রতিধ্বনি গণ /
_cসৈয়দ শামসুল হক
260 _aঢাকা :
_bসন্ধানী প্রকাশনী,
_c1974.
300 _a71 p. :
_c21 cm.
650 _aBengali Poetry
942 _2ddc
_cBK
_02